Коралловый замок: [рассказы]; Шкаф неземной красоты; Коралловый замок; Шум за стеной; Значительные города; Обозримое будущее; ...Хоть потоп!; Письма разных лет; Кому это нужно?; Детективная история; Усилия любви; Из жизни дантистов; Петушок; "Спасите Галю!"; Хочешь улететь со мной?; Разум для кота; Тревога! Тревога! Тревога!; Юбилей "200"; Показания Оли Н.
| Hovedforfatter: | |
|---|---|
| Sprog: | russisk |
| Udgivet: |
Москва, Молодая гвардия, 1990
|
| TOC: | Шкаф неземной красоты; Коралловый замок; Шум за стеной; Значительные города; Обозримое будущее; ...Хоть потоп!; Письма разных лет; Кому это нужно?; Детективная история; Усилия любви; Из жизни дантистов; Петушок; "Спасите Галю!"; Хочешь улететь со мной?; Разум для кота; Тревога! Тревога! Тревога!; Юбилей "200"; Показания Оли Н.; |
| Fag: | |
| Format: | MixedMaterials Bog |
| KOHA link: | https://koha.lib.tpu.ru/cgi-bin/koha/opac-detail.pl?biblionumber=120602 |
MARC
| LEADER | 00000nam0a2200000 4500 | ||
|---|---|---|---|
| 001 | 120602 | ||
| 005 | 20231101215624.0 | ||
| 010 | |a 5235008766 | ||
| 020 | |a RU |b 90-6177 | ||
| 035 | |a (RuTPU)RU\TPU\book\130592 | ||
| 090 | |a 120602 | ||
| 100 | |a 20070901d1990 cd y0rusy5003 ca | ||
| 101 | 0 | |a rus | |
| 102 | |a RU | ||
| 105 | |a y z 000ay | ||
| 200 | 1 | |a Коралловый замок |e [рассказы] |f К. Булычев | |
| 210 | |a Москва |c Молодая гвардия |d 1990 | ||
| 215 | |a 239 с. | ||
| 464 | |t Шкаф неземной красоты | ||
| 464 | |t Коралловый замок | ||
| 464 | |t Шум за стеной | ||
| 464 | |t Значительные города | ||
| 464 | |t Обозримое будущее | ||
| 464 | |t ...Хоть потоп! | ||
| 464 | |t Письма разных лет | ||
| 464 | |t Кому это нужно? | ||
| 464 | |t Детективная история | ||
| 464 | |t Усилия любви | ||
| 464 | |t Из жизни дантистов | ||
| 464 | |t Петушок | ||
| 464 | |t "Спасите Галю!" | ||
| 464 | |t Хочешь улететь со мной? | ||
| 464 | |t Разум для кота | ||
| 464 | |t Тревога! Тревога! Тревога! | ||
| 464 | |t Юбилей "200" | ||
| 464 | |t Показания Оли Н. | ||
| 606 | 1 | |a Русская литература современная |2 stltpush |3 (RuTPU)RU\TPU\subj\26373 |9 50316 | |
| 610 | 1 | |a советская литература | |
| 610 | 1 | |a рассказы | |
| 610 | 1 | |a проза | |
| 610 | 1 | |a сборники | |
| 610 | 1 | |a окружающая среда | |
| 610 | 1 | |a морально-этические проблемы | |
| 610 | 1 | |a молодежь | |
| 610 | 1 | |a охрана | |
| 675 | |a Р2 |v 3 | ||
| 700 | 1 | |a Булычев |b К. |c писатель-фантаст, драматург, сценарист и литературовед, историк, востоковед, фалерист |c доктор исторических наук |c настоящее имя Можейко Игорь Всеволодович) |f 1934-2003 |g Кир |2 stltpush |3 (RuTPU)RU\TPU\pers\43878 |9 21735 | |
| 801 | 0 | |a RU |b RuMRKP |c 19950417 |g psbo | |
| 801 | 1 | |a RU |b 63413507 |c 20070901 |g PSBO | |
| 801 | 2 | |a RU |b 63413507 |c 20221006 |g PSBO | |
| 942 | |c BK | ||